Estudio de Opinión Pública Unimer RI - La Nación febrero de 1996: efectuada del 16 al 30 de enero /

Đã lưu trong:
Chi tiết về thư mục
Tác giả chính: Mendiola T, Haydée
Tác giả của công ty: Unimer Research International
Tác giả khác: Paniagua, Carlos G.
Định dạng: Texto
Được phát hành: San José: Unimer
Các nhãn: Thêm thẻ
Không có thẻ, Là người đầu tiên thẻ bản ghi này!

MARC

LEADER 00000 a a2200000 04500
001 27650
003
040 |a CRAI/IIS  |c CRAI/IIS 
090 |a 185906  |b ENCUESTA  
100 |a Mendiola T, Haydée  
110 |a Unimer Research International  
245 |a Estudio de Opinión Pública Unimer RI - La Nación febrero de 1996: efectuada del 16 al 30 de enero /  |c Haydée Mendiola T. 
260 |a San José:   |b Unimer  
300 |a 64 p. y s.p   |b **no definido**   |b fonodiscos  
700 |a Paniagua, Carlos G.  
999 |c 17648  |d 17648